000
00332nam a22001457a 4500
008
221213b ||||| |||| 00| 0 eng d
020
_a
978721686478
041
_a
eng
080
_2
SECOND EDITION
_a
610.73
082
_a
610.73ABD
100
_a
8
101
_a
INF
245
_a
HEALTH INFORMATION
_c
ABDELHAK M
942
_2
udc
_c
BK
999
_c
59178
_d
59178